[Event "AUTO-MASTER-1047"]
[Site "http://www.queenalice.com/game.php?id=733956"]
[Date "2010.2.18"]
[Round "1"]
[White "TheBigSid"]
[Black "uri65"]
[Result "0-1"]
[WhiteElo "2207"]
[BlackElo "1942"]

1. d4 d5 2. c4 c6 3. e3 Nf6 4. Nc3 e6 5. Nf3 Nbd7 6. Bd3 dxc4 7. Bxc4 b5 8. Bd3
Be7 9. O-O O-O 10. a3 a5 11. e4 Bb7 12. Bf4 b4 13. axb4 axb4 14. Ne2 Rxa1 15.
Qxa1 Qa8 16. Ne5 c5 17. Nxd7 Nxd7 18. Qb1 cxd4 19. Nxd4 e5 20. Bb5 Bxe4 21. Qe1
Bxg2 22. Bxd7 Bxf1 23. Bc6 Qd8 24. Bxe5 Bh3 25. Qe3 Bd7 26. Qg3 Bf6 27. Bxd7
Bxe5 28. Qxe5 Qxd7 29. Nf5 f6 30. Qc5 Re8 31. Ne3 b3 32. Qc4+ Qe6 33. Qc3 f5 34.
Nc4 Qe1+ 35. Qxe1 Rxe1+ 36. Kg2 Re2 37. Kf3 Rc2 38. Nd6 Rxb2 39. Nxf5 Ra2 40.
Ne7+ Kf7 41. Nd5 b2 0-1

[Event "AUTO-MASTER-1047"]
[Site "http://www.queenalice.com/game.php?id=733957"]
[Date "2010.2.18"]
[Round "1"]
[White "uri65"]
[Black "razoman"]
[Result "0-1"]
[WhiteElo "1945"]
[BlackElo "1918"]

1. e4 c5 2. Nf3 Nc6 3. d4 cxd4 4. Nxd4 a6 5. Nc3 d6 6. Bc4 e5 7. Nf3 h6 8. O-O
Nf6 9. Re1 Be7 10. Nd5 O-O 11. b3 b5 12. Bf1 Nxd5 13. exd5 Nb8 14. c4 bxc4 15.
Bxc4 Nd7 16. h3 Nc5 17. Nh2 Bf6 18. Rb1 e4 19. Ng4 Bc3 20. Re3 Be5 21. Nxe5 dxe5
22. Rb2 Bf5 23. Rd2 Qg5 24. Rg3 Qf6 25. d6 Nd3 26. Ba3 Rfd8 27. Bd5 Rac8 28. Re3
Qg6 29. g4 Nf4 30. Kh2 Nxd5 31. Rxd5 Be6 32. Rxe5 Qf6 33. R3xe4 Qxf2+ 34. Kh1
Rc2 35. Qg1 Qf3+ 0-1

[Event "AUTO-MASTER-1047"]
[Site "http://www.queenalice.com/game.php?id=733958"]
[Date "2010.2.18"]
[Round "1"]
[White "razoman"]
[Black "uri65"]
[Result "1-0"]
[WhiteElo "1894"]
[BlackElo "1969"]

1. e4 c5 2. Bc4 e6 3. Nf3 Nc6 4. O-O g6 5. c3 Bg7 6. d4 cxd4 7. cxd4 d5 8. exd5
exd5 9. Bb5 Ne7 10. Bg5 O-O 11. Nc3 h6 12. Bxe7 Nxe7 13. Qb3 a6 14. Bd3 b5 15.
Rfe1 Bg4 16. Ne5 Bxe5 17. dxe5 Be6 18. Qb4 d4 19. Ne4 Rc8 20. Nf6+ Kg7 21. Rac1
Ng8 22. Rxc8 Bxc8 23. Ne4 Bf5 24. f4 Qb6 25. h3 h5 26. Kh2 Rd8 27. Nc5 Bxd3 28.
Nxd3 Ne7 29. Qxe7 1-0

[Event "AUTO-MASTER-1105"]
[Site "http://www.queenalice.com/game.php?id=768240"]
[Date "2010.4.29"]
[Round "1"]
[White "goldenboy"]
[Black "uri65"]
[Result "0-1"]
[WhiteElo "2112"]
[BlackElo "1940"]

1. e4 c5 2. f4 d5 3. exd5 Qxd5 4. Nc3 Qd8 5. Nf3 Nf6 6. Bc4 Bg4 7. d3 e6 8. h3
Bh5 9. g4 Bg6 10. Bb5+ Nbd7 11. Qe2 Be7 12. Nh4 a6 13. Nxg6 hxg6 14. Bxd7+ Qxd7
15. Be3 O-O-O 16. O-O-O Rh7 17. Ne4 Nxe4 18. dxe4 Qc7 19. Rxd8+ Qxd8 20. Qd3
Qxd3 21. cxd3 Kc7 22. Kd2 Rh8 23. Ke2 Kd6 24. Bf2 f5 25. e5+ Kc6 26. g5 Rd8 27.
Rc1 b6 28. b4 Kb5 29. bxc5 Bxc5 30. Rb1+ Kc6 31. Rc1 Kd5 32. Bxc5 bxc5 33. Rb1
Kc6 34. a4 Rd4 35. a5 Rb4 36. Rf1 Ra4 37. Ke3 Rxa5 38. h4 Rb5 39. Rh1 a5 40. h5
gxh5 41. Rxh5 Rb7 42. g6 a4 43. Rh1 a3 44. Kd2 Kd5 45. Kc3 a2 46. Ra1 Ra7 47.
Kc2 Kd4 48. Kd2 Ra3 49. Ke2 Kc3 50. Rc1+ Kb2 51. Rxc5 a1=Q 52. Kd2 Qg1 53. Rc2+
Kb1 0-1

[Event "AUTO-MASTER-1105"]
[Site "http://www.queenalice.com/game.php?id=768241"]
[Date "2010.4.29"]
[Round "1"]
[White "uri65"]
[Black "goldenboy"]
[Result "1/2-1/2"]
[WhiteElo "1934"]
[BlackElo "2080"]

1. d4 d5 2. c4 c6 3. Nc3 Nf6 4. e3 Nbd7 5. Nf3 e6 6. Be2 Bb4 7. O-O O-O 8. Qc2
Re8 9. a3 Bxc3 10. Qxc3 Ne4 11. Qc2 f5 12. Nd2 Ndf6 13. Nxe4 Nxe4 14. b4 b6 15.
cxd5 cxd5 16. f3 Nd6 17. Bb2 Bd7 18. Rac1 Rc8 19. Qb1 Nc4 20. Bxc4 Rxc4 21. Rxc4
dxc4 22. Qc2 Qc7 23. Bc3 Qc6 24. Rb1 Qa4 25. Qxa4 Bxa4 26. Kf2 b5 27. Rb2 Kf7
28. e4 g6 29. Rd2 Rd8 30. Ke3 Bb3 31. d5 exd5 32. Rxd5 Rxd5 33. exd5 g5 34. Kd4
Ke7 35. Ke5 Bc2 36. d6+ Kd7 37. Kd5 h5 38. Bf6 g4 39. f4 Be4+ 40. Kc5 Bxg2 41.
Kxb5 Kxd6 42. Kxc4 a6 43. a4 Bf1+ 44. Kd4 Be2 45. Bd8 Bd1 46. a5 Be2 47. Bf6 Bf3
48. Bd8 Kc6 49. Be7 Kb5 50. Kc3 Kc6 1/2-1/2

[Event "AUTO-MASTER-1105"]
[Site "http://www.queenalice.com/game.php?id=768252"]
[Date "2010.4.29"]
[Round "1"]
[White "FabioSelinger"]
[Black "uri65"]
[Result "0-1"]
[WhiteElo "1992"]
[BlackElo "1915"]

1. e4 c5 2. Nc3 d6 3. g3 Nf6 4. Bg2 g6 5. Nf3 Bg7 6. O-O O-O 7. h3 Nc6 8. d3 Bd7
9. Nh2 Rb8 10. f4 b5 11. Nf3 b4 12. Ne2 Qc8 13. g4 h5 14. g5 Nh7 15. Nh4 Bxh3
16. f5 Bxg2 17. Kxg2 Ne5 18. Nf4 Nxg5 19. Nd5 Bf6 20. fxg6 Qh3+ 21. Kg1 Qxh4 22.
Rxf6 Qg3+ 23. Kh1 Qh3+ 24. Kg1 Ngf3+ 25. Kf2 Ng4+ 26. Ke2 Qg2# 0-1

[Event "AUTO-MASTER-1105"]
[Site "http://www.queenalice.com/game.php?id=768253"]
[Date "2010.4.29"]
[Round "1"]
[White "uri65"]
[Black "FabioSelinger"]
[Result "0-1"]
[WhiteElo "1917"]
[BlackElo "1937"]

1. d4 c6 2. c4 d5 3. Nf3 Nf6 4. Bg5 e6 5. e3 Nbd7 6. Nc3 Qa5 7. Bxf6 Nxf6 8. a3
Ne4 9. b4 Nxc3 10. Qc2 Bxb4 0-1

[Event "AUTO-MASTER-1105"]
[Site "http://www.queenalice.com/game.php?id=768258"]
[Date "2010.4.29"]
[Round "1"]
[White "thewhitebishop"]
[Black "uri65"]
[Result "1-0"]
[WhiteElo "2100"]
[BlackElo "1902"]

1. d4 d5 2. c4 c6 3. Nc3 Nf6 4. e3 Bf5 5. Nge2 dxc4 6. Ng3 Bd3 7. Bxd3 cxd3 8.
Qxd3 e6 9. O-O Be7 10. e4 O-O 11. f4 Na6 12. a3 c5 13. e5 Nd5 14. dxc5 Bxc5+ 15.
Kh1 Nxc3 16. Qxc3 Qd4 17. Qf3 Qd7 18. Rd1 Qc7 19. b4 Be7 20. Be3 Rad8 21. Rdc1
Qb8 22. Rc3 Nc7 23. Bg1 Nd5 24. Rc2 Rc8 25. Rac1 a5 26. Bc5 Bxc5 27. bxc5 Ne7
28. Ne4 Nc6 29. Nd6 Nd4 30. Qc3 Nxc2 31. Nxc8 Nxa3 32. Ne7+ Kh8 33. Qxa3 1-0

[Event "AUTO-MASTER-1105"]
[Site "http://www.queenalice.com/game.php?id=768259"]
[Date "2010.4.29"]
[Round "1"]
[White "uri65"]
[Black "thewhitebishop"]
[Result "1-0"]
[WhiteElo "1894"]
[BlackElo "2019"]

1. d4 Nf6 2. c4 e6 3. Nc3 Bb4 4. Qc2 c5 5. dxc5 O-O 6. Nf3 Na6 7. Bg5 Nxc5 8. a3
Qa5 9. Bxf6 gxf6 10. Rc1 Bxc3+ 11. Qxc3 Qxc3+ 12. Rxc3 Na4 13. Rc2 b6 14. e3 Bb7
15. Be2 Kh8 16. O-O Rg8 17. b4 Be4 18. Rcc1 Rac8 19. g3 d5 20. Nd2 f5 21. f3
dxc4 22. fxe4 c3 23. Nc4 fxe4 24. Rxf7 b5 25. Nd6 Rc6 26. Nxe4 Rg6 27. Nf6 Rxf6
28. Rxf6 a6 29. Bg4 c2 30. Rxe6 Rc4 31. Be2 Rc3 32. Rxa6 Rxe3 33. Rxc2 Nc3 34.
Kf2 Nd5 35. Bf3 Re5 36. Bxd5 Rxd5 37. Ra8+ Kg7 38. Rc7+ Kg6 39. Ra6+ Kf5 40. Rc5
1-0

[Event "AUTO-MASTER-1189"]
[Site "http://www.queenalice.com/game.php?id=816333"]
[Date "2010.8.10"]
[Round "1"]
[White "uri65"]
[Black "CCapivara"]
[Result "1-0"]
[WhiteElo "1998"]
[BlackElo "1918"]

1. d4 d5 2. c4 e5 3. e3 exd4 4. exd4 Nf6 5. Nf3 Be7 6. Nc3 O-O 7. Bd3 c6 8. O-O
Bg4 9. cxd5 Nxd5 10. Re1 Bf6 11. Be2 Nd7 12. Nxd5 cxd5 13. Bf4 Rc8 14. h3 Bh5
15. Nh2 Bxe2 16. Rxe2 Re8 17. Nf3 Rxe2 18. Qxe2 Qb6 19. Qd2 h6 20. Be3 Nf8 21.
Rc1 Rxc1+ 22. Qxc1 Ne6 23. Qc8+ Kh7 24. Qc2+ g6 25. Qd2 Bg7 26. Ne5 f5 27. b3 f4
28. Bxf4 Qxd4 29. Qxd4 1-0

[Event "AUTO-MASTER-1189"]
[Site "http://www.queenalice.com/game.php?id=816334"]
[Date "2010.8.10"]
[Round "1"]
[White "CCapivara"]
[Black "uri65"]
[Result "0-1"]
[WhiteElo "2053"]
[BlackElo "1963"]

1. e4 c5 2. Nf3 d6 3. d4 cxd4 4. Nxd4 Nf6 5. Nc3 g6 6. Be3 Bg7 7. f3 O-O 8. Qd2
Nc6 9. Bc4 Nxd4 10. Bxd4 a6 11. O-O-O b5 12. Bb3 Bd7 13. g4 a5 14. Nd5 Nxd5 15.
Bxg7 Kxg7 16. Bxd5 Rb8 17. a3 b4 18. axb4 axb4 19. Bb3 Qa5 20. Qd4+ Kg8 21. h4
Be6 22. h5 Bxb3 23. cxb3 Rfc8+ 24. Kd2 Qg5+ 25. Ke1 Rc2 26. hxg6 fxg6 27. Rd2
Rc1+ 28. Rd1 Rbc8 29. Qd2 Qxd2+ 30. Kxd2 R1c2+ 31. Ke3 Rxb2 32. Rd3 Rc3 33. Rxc3
bxc3 34. Kd3 Rxb3 35. Rc1 c2+ 36. Ke2 Rc3 37. f4 Kf7 38. f5 gxf5 39. exf5 Kf6
0-1

[Event "AUTO-MASTER-1189"]
[Site "http://www.queenalice.com/game.php?id=816335"]
[Date "2010.8.10"]
[Round "1"]
[White "uri65"]
[Black "Elemptis"]
[Result "1/2-1/2"]
[WhiteElo "1991"]
[BlackElo "2167"]

1. d4 Nf6 2. c4 e6 3. Nf3 b6 4. Nc3 Bb7 5. e3 Bb4 6. Bd2 O-O 7. Qc2 Bxf3 8. gxf3
c5 9. O-O-O d5 10. dxc5 Bxc5 11. cxd5 exd5 12. h4 Nc6 13. f4 Re8 14. Bb5 Qd6
1/2-1/2

[Event "AUTO-MASTER-1189"]
[Site "http://www.queenalice.com/game.php?id=816336"]
[Date "2010.8.10"]
[Round "1"]
[White "Elemptis"]
[Black "uri65"]
[Result "1/2-1/2"]
[WhiteElo "2173"]
[BlackElo "1983"]

1. e4 c5 2. Nc3 d6 3. f4 Nf6 4. Nf3 g6 5. Bb5+ Bd7 6. e5 Bxb5 7. exf6 Bc6 8. O-O
Nd7 9. fxe7 Bxe7 10. d4 cxd4 11. Nxd4 Qb6 12. Re1 Kd8 13. Be3 Qxb2 14. Qd3 Nc5
15. Nxc6+ 1/2-1/2

[Event "AUTO-MASTER-1189"]
[Site "http://www.queenalice.com/game.php?id=816337"]
[Date "2010.8.10"]
[Round "1"]
[White "uri65"]
[Black "gedalias"]
[Result "1-0"]
[WhiteElo "2026"]
[BlackElo "2003"]

1. d4 d5 2. c4 Nf6 3. Bg5 e6 4. Nc3 Be7 5. e3 O-O 6. Nf3 Nbd7 7. cxd5 exd5 8.
Bd3 c5 9. O-O c4 10. Bc2 a6 11. a4 b6 12. b3 Qc7 13. Qc1 Bb7 14. Qb2 h6 15. Bf4
Bd6 16. Bxd6 Qxd6 17. b4 Rae8 18. b5 Nh7 19. bxa6 Bxa6 20. Rfb1 Ndf6 21. Qxb6
Qxb6 22. Rxb6 Ra8 23. Ne5 Rfb8 24. Rab1 Rxb6 25. Rxb6 Nf8 26. Bd1 Bc8 27. Bf3
Be6 28. Rb5 N8d7 29. Nc6 Ra6 30. Ne7+ Kf8 31. Nexd5 Bxd5 32. Bxd5 Nxd5 33. Nxd5
Rxa4 34. Nc3 Ra3 35. Nb1 Rd3 36. Kf1 Rd1+ 37. Ke2 Rd3 38. Nd2 Rc3 39. Rb4 Rc2
40. Rxc4 Rxc4 41. Nxc4 Ke7 42. Kf3 Ke6 43. e4 f6 44. d5+ Kf7 45. h4 Kg6 46. g4
h5 47. Kg3 Kh6 48. f4 hxg4 49. Kxg4 g6 50. f5 Ne5+ 51. Nxe5 fxe5 52. fxg6 1-0

[Event "AUTO-MASTER-1189"]
[Site "http://www.queenalice.com/game.php?id=816338"]
[Date "2010.8.10"]
[Round "1"]
[White "gedalias"]
[Black "uri65"]
[Result "0-1"]
[WhiteElo "1987"]
[BlackElo "2011"]

1. e4 c5 2. Nf3 d6 3. d4 cxd4 4. Nxd4 Nf6 5. Nc3 g6 6. Bb5+ Bd7 7. Bg5 Bg7 8.
Bxf6 Bxf6 9. Bxd7+ Nxd7 10. O-O O-O 11. Nd5 Bg7 12. c3 Nb6 13. Nxb6 Qxb6 14. Qd2
Rac8 15. Rab1 Rc7 16. h3 Rfc8 17. Ne2 Rc4 18. Qc2 Qc6 19. Ng3 b5 20. a3 a5 21.
Qd2 b4 22. axb4 axb4 23. cxb4 Rc2 24. Qd3 Bxb2 25. Qb3 Bd4 26. b5 Qb6 27. Qf3
R8c3 28. Qg4 Bxf2+ 0-1

[Event "AUTO-MASTER-1189"]
[Site "http://www.queenalice.com/game.php?id=900983"]
[Date "2011.2.15"]
[Round "2"]
[White "uri65"]
[Black "Elcid"]
[Result "0-1"]
[WhiteElo "2041"]
[BlackElo "2080"]

1. d4 d5 2. c4 e6 3. Nf3 c6 4. e3 Nf6 5. Nc3 Nbd7 6. cxd5 exd5 7. Bd3 Bd6 8. O-O
O-O 9. Bd2 Re8 10. Rc1 Ne4 11. Qc2 Ndf6 12. a3 Bg4 13. Be2 Qc7 14. g3 Qd7 15.
Rfe1 Qf5 16. Kg2 Re6 0-1

[Event "AUTO-MASTER-1189"]
[Site "http://www.queenalice.com/game.php?id=900984"]
[Date "2011.2.15"]
[Round "2"]
[White "Elcid"]
[Black "uri65"]
[Result "1-0"]
[WhiteElo "2094"]
[BlackElo "2027"]

1. d4 d5 2. Nf3 Nf6 3. c4 c6 4. Qc2 e6 5. g3 Be7 6. Bg2 O-O 7. O-O Nbd7 8. Nbd2
b5 9. c5 Re8 10. e4 dxe4 11. Nxe4 Nxe4 12. Qxe4 Bb7 13. Be3 Nf6 14. Qh4 Nd5 15.
Qh5 Nf6 16. Qh3 a5 17. Ne5 1-0

[Event "AUTO-MASTER-1189"]
[Site "http://www.queenalice.com/game.php?id=900985"]
[Date "2011.2.15"]
[Round "2"]
[White "uri65"]
[Black "gomague"]
[Result "1/2-1/2"]
[WhiteElo "2014"]
[BlackElo "2073"]

1. d4 d5 2. c4 e6 3. Nc3 Nf6 4. Bg5 Be7 5. e3 c6 6. Nf3 Ne4 7. Bxe7 Qxe7 8. Qc2
O-O 9. cxd5 exd5 10. Bd3 Ng5 11. Nxg5 Qxg5 12. g3 f5 13. O-O-O b5 14. h4 Qe7 15.
h5 Nd7 16. Bxf5 Nf6 17. Bxc8 Raxc8 18. Qe2 b4 19. Na4 Ne4 20. Rh2 c5 21. dxc5
Nxc5 22. Nxc5 Rxc5+ 23. Kb1 Qc7 24. f4 Rc8 25. Qe1 Rc2 26. Rhd2 Rxd2 27. Qxd2 a5
28. Qxd5+ Kh8 29. Qd2 a4 30. Rc1 Qb7 31. Rxc8+ Qxc8 32. Qxb4 h6 33. Qxa4 Qf5+
34. e4 Qxh5 35. Qa8+ Kh7 36. Qd5 Qh1+ 37. Kc2 Qg2+ 38. Qd2 Qxg3 39. a4 1/2-1/2

[Event "AUTO-MASTER-1189"]
[Site "http://www.queenalice.com/game.php?id=900986"]
[Date "2011.2.15"]
[Round "2"]
[White "gomague"]
[Black "uri65"]
[Result "0-1"]
[WhiteElo "2073"]
[BlackElo "2016"]

1. e4 c5 2. b3 Nc6 3. Ba3 d6 4. Nc3 Nf6 5. Nf3 g6 6. Bc4 Bg7 7. Rb1 O-O 8. O-O
a6 9. Re1 b5 10. Bd5 Bb7 11. Bb2 e6 12. Bxc6 Bxc6 13. d3 b4 14. Ne2 a5 15. c3
Ra7 16. e5 Bxf3 17. gxf3 dxe5 18. Ng3 Rd7 19. Re3 Nd5 20. Re2 Nf4 21. Rd2 Qh4
22. Qf1 Rfd8 23. d4 exd4 24. cxb4 cxb4 25. Rbd1 d3 26. Bc1 Bc3 27. Re1 Bxd2 28.
Bxd2 Nd5 29. Re4 Qf6 30. f4 Nc3 31. Rc4 Nxa2 32. Ne4 Qg7 33. Qb1 Nc3 34. Nxc3
bxc3 35. Bxc3 d2 36. Qd1 Qf8 37. Bxa5 Rc8 38. Bxd2 Rxc4 39. bxc4 Qd6 40. Kf1
Qxd2 41. Qxd2 Rxd2 42. Ke1 Rc2 0-1

[Event "AUTO-MASTER-1670"]
[Site "http://www.queenalice.com/game.php?id=1070018"]
[Date "2012.6.9"]
[Round "1"]
[White "uri65"]
[Black "aknightout"]
[Result "1-0"]
[WhiteElo "2043"]
[BlackElo "1865"]

1. d4 Nf6 2. c4 d6 3. Bg5 h6 4. Bh4 g5 5. Bg3 Bg7 6. Nc3 Nh5 7. e4 Nxg3 8. hxg3
Nc6 9. d5 Nd4 10. Nge2 c5 11. Rb1 Qa5 12. Qa4+ Qxa4 13. Nxa4 Bd7 14. Nac3 a6 15.
Nxd4 Bxd4 16. Bd3 O-O-O 17. Ne2 Bg7 18. f4 Bg4 19. Kd2 Kc7 20. Ng1 Bd4 21. Nh3
f6 22. Ke1 1-0

[Event "AUTO-MASTER-1670"]
[Site "http://www.queenalice.com/game.php?id=1070033"]
[Date "2012.6.9"]
[Round "1"]
[White "uri65"]
[Black "Pato"]
[Result "0-1"]
[WhiteElo "2064"]
[BlackElo "2063"]

1. d4 Nf6 2. c4 e5 3. dxe5 Ng4 4. Bf4 g5 5. Bg3 Bg7 6. Nf3 Nc6 7. e3 Ncxe5 8.
Nxe5 Nxe5 9. Qc2 d6 10. Nc3 Be6 11. b3 c6 12. Be2 Qc7 13. O-O O-O-O 14. Rab1 h5
15. h3 f5 16. Na4 h4 17. Bh2 g4 18. hxg4 fxg4 19. Bf4 Rdf8 20. c5 h3 21. g3 h2+
22. Kh1 Rxf4 23. exf4 Bd5+ 24. f3 Nxf3 25. Bxf3 Bxf3+ 26. Rxf3 gxf3 27. Rf1 Qe7
28. cxd6 Qxd6 29. Qe4 b5 30. Qxf3 bxa4 31. Rd1 Qe6 32. Kg2 axb3 33. axb3 h1=Q+
0-1

[Event "AUTO-MASTER-1670"]
[Site "http://www.queenalice.com/game.php?id=1070034"]
[Date "2012.6.9"]
[Round "1"]
[White "Pato"]
[Black "uri65"]
[Result "1-0"]
[WhiteElo "2081"]
[BlackElo "2048"]

1. f4 d5 2. Nf3 c5 3. b3 Nc6 4. Bb2 Nf6 5. e3 b6 6. Bb5 Bd7 7. O-O e6 8. d3 a6
9. Bxc6 Bxc6 10. Nbd2 Bd6 11. Ne5 Bb7 12. Ndf3 h6 13. Qe2 O-O 14. Rae1 a5 15. a4
Qe8 16. c4 Nd7 17. Qf2 Nxe5 18. Nxe5 Bxe5 19. Bxe5 Qe7 20. Qg3 f6 21. Bb2 Rad8
22. e4 d4 23. Bc1 Kh7 24. f5 e5 25. Qg6+ Kh8 26. Rf3 Qf7 27. Qg4 Bc8 28. Rh3 Kh7
29. Qh4 h5 30. g4 g6 31. Kf2 g5 32. Qxh5+ Qxh5 33. Rxh5+ Kg7 34. h4 Rh8 35. hxg5
1-0